000 03000nam0a2200373 4500
001 RU\NLR\BIBL_A\012014104
005 20190610145832.0
010 _a978-5-94809-995-8
_9300
021 _aRU
_bКН-П-19-028317
_9КН-П-19-2135
035 _a(NLR Aleph) 012014104
035 _a(RuMoRGB)009955845
090 _a11464873
_c11464873
100 _a20190517d2018 k y0rusy50 ca
101 0 _arus
_aeng
102 _aRU
105 _aa|||z|||100zy
200 1 _aАдаптация к рынку труда молодых специалистов и содействие их трудоустройству
_eсборник материалов Всероссийской научно-практической конференции с международным участием, г. Елец, 26 июня 2018 г.
_fМинистерство науки и высшего образования Российской Федерации, ФГОУ ВО "Елецкий государственный университет им. И. А. Бунина", Отдел организации практик и содействия трудоустройству
_gпод редакцией Т. А. Поляковой, Т. И. Комаричевой
210 _aЕлец
_cФедеральное государственное бюджетное образовательное учреждение высшего образования "Елецкий государственный университет им. И. А. Бунина"
_d2018
215 _a165 с.
_cил., табл.
_d21
300 _aЧасть текста парал. рус., англ.
320 _aБиблиогр. в конце ст.
606 1 _aМолодые специалисты
_xПрофессиональная адаптация
_jСъезды, совещания и т.п
_2nlr_sh2
_3RU\NLR\AUTH\6601623408
606 1 _aКадры
_xПодготовка
_jСъезды, совещания и т.п
_2nlr_sh1
_2nlr_sh2
_3RU\NLR\AUTH\6677621
686 1 _aС550.44я431
686 1 _aУ24(0)001я73
702 1 _aПолякова
_bТ. А.
_cканд. филол. наук
_gТатьяна Александровна
_3RU\NLR\AUTH\77110998
_4340
711 1 2 _a"Адаптация к рынку труда молодых специалистов и содействие их трудоустройству", всероссийская научно-практическая конференция с международным участием
_f2018
_eЕлец
_3RU\NLR\AUTH\880501955
712 0 2 _aЕлецкий государственный университет им. И. А. Бунина
_bОтдел организации практик и содействия трудоустройству
_3RU\NLR\AUTH\880501958
_4570
942 _cBOOK
980 _aNBR
980 _aNB